| 000 | 00789nam a2200265Ia 4500 | ||
|---|---|---|---|
| 001 | Para_4760 | ||
| 003 | CHAP | ||
| 008 | 220125s1933 xx 000 0 und d | ||
| 010 | _a204690 | ||
| 040 | _cCHAP | ||
| 090 | _aPA FOLLETO 2162 | ||
| 100 |
_aDean, R. W. _931438 |
||
| 245 |
_aMorphology of the digestive tract of the apple maggot fly, Rhagoletis pomonella Walsh / _c R. W. Dean |
||
| 260 |
_aGeneva, N. Y. : _b Agricultural Experiment Station |
||
| 300 | _a17 p. | ||
| 440 |
_aNew York Agri. Exp. Sta. Technical bull.; 215 _9170660 |
||
| 650 |
_aRhagoletis pomonella _997113 |
||
| 901 | _aPA FOLLETO 2162 | ||
| 902 | _aA | ||
| 905 | _a0000001933 GEN 0000000000 00 | ||
| 910 | _a1933 | ||
| 942 | _cPARA | ||
| 942 |
_cPARA _d1 |
||
| 999 |
_c204690 _d204690 |
||